| 000 | 01139nam a22002657a 4500 | ||
|---|---|---|---|
| 001 | 5708 | ||
| 003 | FISKH | ||
| 005 | 20250115121417.0 | ||
| 008 | 250115b cb ||||| |||| 00| 0 eng d | ||
| 020 | _a078073006991 | ||
| 040 |
_aFISKH _beng _cFISKH _dFISKH |
||
| 050 | _aPZ7 | ||
| 082 | _a793.93 | ||
| 100 | _aSottosanti, Paul | ||
| 245 |
_aOfficial guidebook : _bDuel masters / _cPaul Sottosanti |
||
| 260 |
_aNew York : _bScholastic, _c2004. |
||
| 300 |
_a80 pages : _bcolor illustrations ; _c23 cm |
||
| 505 | _aK | ||
| 520 | _aDuel Masters, the top-selling trading card game in Japan, hits American shores with fast-paced and funny creature combat excitement! It's the newest card game from Wizards of the Coast. This deluxe handbook gives the backstory on the whole exciting and colorful Duel Masters world, with detailed descriptions of the cards in each game set, along with tips on how-to-play strategy and guidelines for the popular Duel Masters tournaments! | ||
| 521 | 8 |
_a510
_bLexile estimate |
|
| 521 | 8 |
_aK
_bRaz-Plus |
|
| 650 |
_aGame _vGuiding Book _xDuel |
||
| 942 |
_2ddc _cBK _n0 |
||
| 999 |
_c5708 _d5708 |
||